000 00639cam a22002173a 4500
001 39047
003 PGUSA
005 20140828083849.0
008 120304s2012||||xxu|||||s|||||000 | eng d
040 _aPGUSA
_beng
042 _adc
100 1 _aMolesworth,
_cMrs,
_d1839-1921
245 1 0 _aNurse Heatherdale's Story
_h[electronic resource] /
_cMolesworth,
260 _bProject Gutenberg,
_c2012
506 _aPublic domain in the USA.
516 _aElectronic text
700 1 _aBrooke, L. Leslie
_q(Leonard Leslie),
_d1862-1940
830 0 _aProject Gutenberg
_v39047
856 4 0 _uhttp://www.gutenberg.org/ebooks/39047
942 _cEB
999 _c268300
_d268300